00856 a2200181 4500003000500000005001700005010001400022040000900036082001200045100002400057245004100081250001100122260002900133300002300162505045100185600002400636650001400660Nust20230128133039.0 a 76932371 cNust a922,AHM aJamil Ahmad, Khwaja aHundred great Muslims /cJamil Ahmad a1st ed aLahore,bFerozsonsc1971 axvii, 573 pb23 cm aHazrat Muhammad The Prophet of Islam (Page-3), Great Leaders (Page-12), Great Women (Page-67), Religious Teachers (Page-81), Sufis and Saints (Page-119), Thinkers and Scientists (Page-141), Poets and writes (Page-197), Artist and Musicians (Page-263), Reformers, Revolutionaries and Patriots (Page-291) ,Rules, Statesman and Administrators (Page-359), Soldiers, General and Conquerors (Page-431), Historians, Geographers and Explorers (Page-489). aJamil Ahmad, Khwaja aBiography